Conversión de la quiebra en concurso preventivo y los supuestos de improcedencia de su declaración (Registro nro. 12208)

Detalles MARC
000 -LEADER
fixed length control field 00369 a2200109 4500
001 - CONTROL NUMBER
control field ART_40745
005 - DATE AND TIME OF LATEST TRANSACTION
control field 20260410161628.0
008 - FIXED-LENGTH DATA ELEMENTS--GENERAL INFORMATION
fixed length control field 260409a
100 1# - MAIN ENTRY--PERSONAL NAME
Personal name Rodríguez, Raquel E.
245 10 - TITLE STATEMENT
Title Conversión de la quiebra en concurso preventivo y los supuestos de improcedencia de su declaración
773 0# - HOST ITEM ENTRY
Title Enfoques
Related parts - Nº 10 (oct. 2016)
Record control number REV416

No hay ítems disponibles.